000 00545nam a22001697a 4500
008 230428b |||||||| |||| 00| 0 eng d
040 _aNational Science Library
_cNational Science Library
080 _a537.5
_bH9
245 _aCharacteristics of electrical discharges in magnetic fields
260 _aNew York:
_bMcgraw-Hill Book Company, Inc.,
_c1949
300 _axviii, 376p.
650 _aElectrical discharges
653 _aAtomic energy
700 _aGuthrie, A (Ed.)
700 _aWakerling, R K (Ed.)
942 _2udc
_cBK
999 _c24653
_d24653